| 000 | 00971nam a2200265Ia 4500 | ||
|---|---|---|---|
| 003 | OSt | ||
| 005 | 20220926005214.0 | ||
| 006 | a|||||r|||| 00| 0 | ||
| 007 | ta | ||
| 008 | 220923b |||||||| |||| 00| 0 eng d | ||
| 020 |
_a9788132105244 _c722.5 |
||
| 037 |
_b4504, 24/11/2011, RAJKIRAN BOOK AGENCY _cGeneral Book |
||
| 040 |
_aRTL _cRTL _beng |
||
| 041 |
_2eng _aeng |
||
| 082 | _aY73.297.P7, Q1/TD | ||
| 100 |
_aPFAFF-CZARNECKA Joanna _9309600 |
||
| 245 | 0 |
_aPolitics of belonging in the Himalayas _b Local attachments and boundary dynamics |
|
| 260 |
_a New Delhi _bSage PublicationS _c2011 |
||
| 300 |
_axxxviii, 346p _ccm. |
||
| 490 | _aGovernance, Conflict, And Civic Action: Vol. 4 | ||
| 500 | _aBibliography chapterwise; Scanned | ||
| 700 |
_a TOFFIN Gerard _9309599 |
||
| 942 |
_hY73.297.P7, Q1/TD _cGB _2CC |
||
| 999 |
_c613159 _d613159 |
||